000 00286nam a22001337a 4500
008 230906b ||||| |||| 00| 0 eng d
041 _aeng
080 _a94
082 _a94DAM
100 _a26
101 _aHISTORI
245 _aA HISTORY OF SCIENCE
_cDAMPIER.C.W
942 _2udc
_cBK
999 _c60257
_d60257